000 00594nam a2200217Ii 4500
001 9615
003 CO-ViMGA
008 241108s9999||||xx |||||||||||||| ||und||
020 _a8437215269
040 _aCO-ViMGA
_bspa
_erda
_cCO-ViMGA
041 0 _aspa
084 _aC KIN3p
100 1 _aPatrick Kinmonth
_951126
245 1 0 _aLa paloma del tío pascual
264 1 _aMadrid, España : Altea, 1988
300 _avolumen
336 _atext
_btxt
_2rdacontent
337 _aunmediated
_bn
_2rdamedia
338 _avolume
_bnc
_2rdacarrier
940 _aidficha_siabuc: 9401. -- ficha_no_siabuc:9615
999 _c45836
_d45836